000 00298 a2200133 4500
001 148632
040 _cEscola São Tomás de Aquino
100 _aMURRAY, Roseana
240 1 0 _aNo mundo da lua
_lpor
245 1 0 _aNo mundo da lua
362 0 _a1983
697 _a*LITERATURA INFANTO
942 _cBK
999 _c148632
_d148632